|
|
|
|
| LEADER |
02043nem a22004572a 4500 |
| 001 |
mzk03001063194 |
| 003 |
CZ BrMZK |
| 005 |
20130424093402.0 |
| 007 |
aj|ca||| |
| 008 |
080605s1720 ne ij|||||a|||r|1|||latod |
| 034 |
1 |
|
|a a
|b 780000
|d E0120505
|e E0154634
|f N0383528
|g N0362859
|
| 040 |
|
|
|a BOA001
|b cze
|
| 043 |
|
|
|a e-it---
|
| 072 |
|
7 |
|a 912:904
|x Staré mapy
|2 Konspekt
|9 7
|
| 080 |
|
|
|a (084.3)
|2 MRF
|
| 080 |
|
|
|a (450)
|2 MRF
|
| 080 |
|
|
|a 912.43:069.5
|2 MRF
|
| 100 |
1 |
|
|a Covens, Johannes,
|d 1722-1794
|4 aut
|
| 245 |
1 |
0 |
|a Siciliae Insulae
|h [kartografický dokument] :
|b Nova descriptio. Cum Privilegio
|
| 255 |
|
|
|a Měřítko [ca 1:780 000]
|c (012°05´05" v.d.--015°46´34" v.d./038°35´28" s.š.--036°28´59" s.š.)
|
| 260 |
|
|
|a A Amstelodami :
|b Apud I. Covens et C. Mortier,
|c [1720?]
|
| 300 |
|
|
|a 1 mapa :
|b mědirytina, ručně kolorovaná ;
|c 40,5 x 53 cm na listu 55,5 x 65,5 cm
|
| 500 |
|
|
|a Výzdoba: V levém horním rohu rejstřík, v levém dolním rohu nápisová deska s vydavatelskými údaji, směrová ružice, v pravém dolním rohu mapový výřez, v mapovém rámci geografické souřadnice, souřadnicová síť
|
| 505 |
2 |
0 |
|t Parvus Portus.
|g 10 x 9 cm. (015°14´31" v.d.--015°21´04" v.d./037°06´57" s.š.--037°01´00" s.š.)
|
| 510 |
3 |
|
|a IKAR
|
| 510 |
4 |
|
|a Kuchař, K. Mapová sbírka B.P. Molla,
|c s. 305
|
| 655 |
|
7 |
|a historické mapy
|7 fd186723
|2 czenas
|
| 650 |
0 |
4 |
|a Mollova mapová sbírka
|
| 650 |
0 |
7 |
|a mapové sbírky
|z Česko
|7 ph182407
|2 czenas
|
| 610 |
2 |
7 |
|a Moravská zemská knihovna (Brno, Česko).
|b Mapová sbírka B.P. Molla
|7 mzk2005304487
|2 czenas
|
| 651 |
|
7 |
|a Sicílie (Itálie)
|7 ge130805
|2 czenas
|
| 700 |
1 |
|
|a Mortier, Cornelis,
|d 1699-1783
|4 aut
|
| 856 |
4 |
1 |
|u http://mapy.mzk.cz/mzk03/001/063/194/2619269097
|y Digitalizovaný dokument
|
| 903 |
|
|
|a RP
|
| 910 |
|
|
|a BOA001
|b Moll-0003.057
|
| 978 |
|
|
|b Covens, Johannes I
|a Amsterdam
|c 1720
|
| 978 |
|
|
|b Mortier, Cornelis
|a Amsterdam
|c 1720
|
| 984 |
|
|
|a Amsterdam
|b Nizozemsko
|
| 985 |
|
|
|a 1701-1750
|
| 990 |
|
|
|a MP
|
| 991 |
|
|
|k mzk
|